000
00249 a2200097 4500
001
46963
100
_a
Muhammad Akbar Khan
245
_a
The History of Army Service (Vol-II)
260
_a
Karachi
_b
Islamic Military Service
_c
090
_c
30036
_d
30036
942
_a
NUST-CAE
_c
M
_c
22266
999
_c
282036
_d
282036